El Control de les plagues en els municipis
Descripción Física:
51 p. ; 21 cm
Colección:
Col·lecció sanitat ambiental ; 1
Materias:
Plagues -- Control
MARC
| LEADER | 00000nam a2200000Ia 4500 | ||
|---|---|---|---|
| 001 | 12546 | ||
| 008 | 160829s2000 xx 000 0 cat d | ||
| 080 | |a C-2-103 | ||
| 245 | |a El Control de les plagues en els municipis | ||
| 250 | |a Ed. no venal | ||
| 260 | |a Barcelona : |b Diputació de Barcelona, Àrea de Salut Pública, |c 2000 | ||
| 300 | |a 51 p. ; |c 21 cm | ||
| 490 | |a Col·lecció sanitat ambiental ; 1 | ||
| 590 | |a Bibliografia | ||
| 650 | |a Plagues |x Control |9 38099 | ||
| 710 | 1 | |a Barcelona (Catalunya : Província). |b Àrea de Salut Pública |9 55930 | |
| 901 | |a Arxiu | ||
| 942 | |n 1 | ||
| 952 | |0 0 |1 0 |4 0 |6 C2103 |7 1 |9 48257 |a Arxiu |b Arxiu |d 2016-12-01 |l 0 |o C-2-103 |p 12546 |r 2016-12-01 00:00:00 |w 2016-12-01 |y ARXIU | ||
| 999 | |c 52063 |d 52063 | ||